000 00879cab a2200265 4500
001 X95863
008 090401t1998 xxu||||| |||| 00| 0 eng d
035 _a(Sirsi) u90492
041 _aeng
245 _aByrne and Byrne v Hall Paine and Foster
260 _c1998
350 _a0
490 _aNew Property Cases
_v[1998] NPC 164
520 _aCA 11 December 1998. A cause of action against a surveyor on the purchase of land, arises when contracts are exchanged and not on completion. Headnote from journal - NO PHOTOCOPYING ALLOWED.
650 _aBYRNE AND BYRNE V HALL PAINE AND FOSTER
650 _aCAUSE OF ACTION
650 _aEXCHANGE OF CONTRACTS
650 _aLIABILITY
650 _aNEGLIGENCE
650 _aOUT OF TIME
650 _aSURVEYORS
690 _aMANAGEMENT-BUSINESS MANAGEMENT-PROFESSIONAL PRACTICE
942 _n0
948 _c04/01/1999
999 _c57379
_d57379